[Event "Dvorkovich Memorial Rapid 2018"]
[Site "Taganrog"]
[Date "2018.01.14"]
[Round "7"]
[White "Ashrafzianov, Igor"]
[Black "Matjushin, Gennady"]
[Result "0-1"]
[WhiteElo "2004"]
[BlackElo "2417"]
[Annotator "TA"]
[PlyCount "151"]
[EventDate "2018.??.??"]
[EventType "swiss"]
[EventCountry "RUS"]
[SourceTitle "playchess.com"]
[Source "ChessBase"]
[SourceQuality "1"]

{[%evp 13,151,27,21,-2,1,-2,21,-17,-17,-20,-6,-39,-39,-69,-86,-75,0,-1,0,-8,0,-20,-11,-56,51,33,41,24,49,11,40,-12,44,38,46,30,54,15,33,0,39,30,28,34,35,0,10,14,33,0,26,5,34,4,42,10,24,-27,55,50,56,35,41,37,50,0,0,0,32,-15,70,0,18,-49,-29,-47,-11,-56,-26,-36,-10,-18,-29,-50,0,-109,0,0,0,-57,-29,-33,-33,-128,-118,-144,-120,-144,-147,-137,0,-172,-141,-130,-88,-87,-85,-119,-94,-116,0,-107,-72,-75,-32,-115,-88,-83,-19,-158,-44,-128,-96,-121,-136,-275,-177,-279,-151,-253,-239,-290,-297,-274,-268,-268,-213,-1350,-1300,-1904]} 1. d4 d6 2. Nf3 g6 3. c4 Nf6 4. g3 Bg7 5. Bg2 O-O 6. O-O Bf5 7. Nc3 Ne4 {LiveBook: 48 Partien} 8. Ne1 {E60: Königsindisch (ohne Sc3)} (8. Bd2 Nc6 9. Nxe4 Bxe4 10. Bc3 d5 11. Qb3 dxc4 12. Qxc4 Qd7 13. Rfd1 Rfd8 14. d5 Bxd5 15. Qh4 Qf5 16. Rxd5 Rxd5 {½-½ (69) Mamedyarov,S (2746)-Caruana,F (2804) Shamkir 2016}) 8... Nxc3 9. bxc3 Bc8 $146 ({Vorgänger:} 9... c6 10. Nd3 Qa5 11. Qb3 Qa6 12. Nb4 Qb6 13. e4 Be6 14. Rb1 Qa5 15. Nc2 b6 {½-½ (72) Buckels,V (2273)-Ernst,S (2540) Hoogeveen 2016}) 10. Qb3 {Die Stellung ist ausgeglichen.} Nc6 11. Nd3 e5 {[%cal Be7e5,Be5e4][%mdl 32]} 12. e3 Re8 13. Ba3 e4 14. Nf4 Rb8 (14... Na5 $17 15. Qa4 b6) 15. c5 $11 dxc5 16. Bxc5 b6 17. Ba3 (17. Bb4 $5) 17... Bf5 18. Rfd1 (18. c4 {keeps more tension.} g5 19. Ne2 Na5 20. Qc2 Bg4 21. Rab1) 18... Bf8 (18... Na5 $15 19. Qb5 Bg4) 19. Bxf8 $14 Rxf8 20. c4 Re8 21. Rd2 Ne5 22. Rdd1 (22. Nd5 $14 Nf3+ 23. Bxf3 exf3 24. Rc1) 22... Ng4 (22... Nf3+ $11 23. Bxf3 exf3) 23. Rac1 Nf6 24. Qb5 Qc8 25. Rd2 c6 26. Qa4 Qc7 27. Qa3 Red8 28. Qc3 Qe7 29. Qb2 h5 30. h3 Rbc8 31. Kh2 Rc7 32. Qc3 Rcd7 33. Rcd1 Nh7 34. Qb3 Ng5 35. Rc2 (35. Qb2 $142) 35... Ne6 (35... Nf3+ $11 36. Kh1 c5) 36. Nxe6 Qxe6 37. Qb2 c5 38. d5 Qd6 39. Kg1 Rb7 40. Rb1 Bd7 41. Qc3 Kh7 (41... Re8 $11) 42. Kh1 (42. Bxe4 $14 Re8 43. Bd3) 42... h4 43. Kh2 (43. Rf1 $11) 43... Re8 44. Rcb2 Re5 45. Qe1 Rb8 46. Kg1 hxg3 47. fxg3 Kg7 48. Rf2 Rh8 49. Qf1 (49. g4 $11) 49... Rf5 (49... Re7 $1 $17 50. Kh2 f6) 50. Rf4 $11 Rxf4 51. gxf4 (51. Qxf4 $11 Qxf4 52. exf4) 51... Bf5 52. a4 Qd7 {[%cal Rf5h3]} 53. Kh2 (53. a5 $15) 53... Qxa4 $17 54. Qe2 Qd7 {[%cal Rf5h3]} 55. Qf1 Kf8 56. Ra1 Ke7 (56... a5 $17 57. Ra2 Rh6) 57. Rd1 $2 (57. Ra6 $1 $11) 57... f6 58. Rd2 Kf7 59. Ra2 Kg7 60. Rd2 Qa4 61. Rb2 Qd7 62. Rd2 $1 Qd6 63. Kg1 a6 64. Rb2 (64. Ra2 $15) 64... Rb8 65. Qb1 {[#]} Bd7 ({Lieber} 65... b5 $1 $17 {[%mdl 512]}) 66. Kh2 {[#]} (66. Bxe4 $11 f5 67. Bd3) 66... Kf7 (66... b5 $1 $17 67. Ra2 b4) 67. Qxe4 {[#]} (67. Bxe4 $15 f5 68. Bf3) 67... b5 $1 68. cxb5 axb5 69. Qd3 (69. Ra2 $17) 69... Ra8 70. Kg1 (70. h4 {war nötig.}) 70... b4 (70... c4 $19 71. Qd4 Ra3) 71. Kf2 (71. Rb1 $17) 71... Ra3 $19 72. Qc4 Rc3 73. Qe2 c4 74. Qd2 {beabsichtigt Dd4.} Qc5 {...Td3 ist eine echte Drohung.} 75. Rb1 $2 (75. Be4) 75... Bf5 76. Ra1 {Precision: Weiß = 17%, Schwarz = 34%.} 0-1

[Event "Dvorkovich Memorial Rapid 2018"]
[Site "Taganrog"]
[Date "2018.01.14"]
[Round "7"]
[White "Bocharova, Ulyana"]
[Black "Kotenko, Pavel"]
[Result "0-1"]
[WhiteElo "1874"]
[BlackElo "2403"]
[Annotator "ChessBase"]
[PlyCount "71"]
[EventDate "2018.??.??"]
[EventType "swiss"]
[EventCountry "RUS"]
[SourceTitle "playchess.com"]
[Source "ChessBase"]
[SourceQuality "1"]
[TimeControl "900+10"]

1. c4 {[%emt 0:15:00]} Nf6 {[%emt 0:15:10]} 2. Nc3 {[%emt 0:00:10]} g6 {[%emt 0:00:10]} 3. Nf3 {[%emt 0:00:10]} Bg7 {[%emt 0:00:10]} 4. g3 {[%emt 0:00:10]} O-O {[%emt 0:00:10]} 5. Bg2 {[%emt 0:00:10]} d6 {[%emt 0:00:10]} 6. d4 {[%emt 0:00:10]} Nc6 {[%emt 0:00:10]} 7. O-O {[%emt 0:00:10]} a6 {[%emt 0:00:10]} 8. b3 {[%emt 0:00:10]} Rb8 {[%emt 0:00:10]} 9. a4 {[%emt 0:00:10]} a5 {[%emt 0:00:10]} 10. Bb2 {[%emt 0:00:10]} Bf5 {[%emt 0:00:10]} 11. Nh4 {[%emt 0:00:10]} Bd7 {[%emt 0:00:10]} 12. e4 {[%emt 0:00:10]} e5 {[%emt 0:00:10]} 13. dxe5 {[%emt 0:00:10]} dxe5 {[%emt 0:00:10]} 14. Nd5 {[%emt 0:00:10]} Be6 {[%emt 0:00:10]} 15. Qd2 {[%emt 0:00:10]} Nd7 {[%emt 0:00:10]} 16. Rad1 {[%emt 0:00:10]} b6 {[%emt 0:00:10]} 17. Nf3 {[%emt 0:00:10]} Nc5 {[%emt 0:00:10]} 18. Qe3 {[%emt 0:00:10]} Bd7 {[%emt 0:00:10]} 19. Rfe1 {[%emt 0:00:10]} Ne6 {[%emt 0:00:10]} 20. Rd2 {[%emt 0:00:10]} Ned4 {[%emt 0:00:10]} 21. Nxd4 {[%emt 0:00:10]} Nxd4 {[%emt 0:00:10]} 22. Red1 {[%emt 0:00:10]} Be6 {[%emt 0:00:10]} 23. f4 {[%emt 0:00:10]} c5 {[%emt 0:00:10]} 24. h3 {[%emt 0:00:10]} Qd6 {[%emt 0:00:10]} 25. Ba3 {[%emt 0:00:10]} Rbe8 {[%emt 0:00:10]} 26. Re1 {[%emt 0:00:10]} Kh8 {[%emt 0:00:10]} 27. Bb2 {[%emt 0:00:10]} f5 {[%emt 0:00:10]} 28. Kh1 {[%emt 0:00:10]} fxe4 {[%emt 0:00:10]} 29. fxe5 {[%emt 0:00:10]} Qxe5 {[%emt 0:00:10]} 30. Nf4 {[%emt 0:00:10]} Bc8 {[%emt 0:00:10]} 31. Qxe4 {[%emt 0:00:10]} Qxe4 {[%emt 0:00:10]} 32. Rxe4 {[%emt 0:00:10]} Nxb3 {[%emt 0:00:10]} 33. Bxg7+ {[%emt 0:00:10]} Kxg7 {[%emt 0:00:10]} 34. Rde2 {[%emt 0:00:10]} Rxe4 {[%emt 0:00:10]} 35. Rxe4 {[%emt 0:00:10]} Nd2 {[%emt 0:00:10]} 36. Re7+ {[%emt 0:00:10]} 0-1